Kouřim v průběhu věků /

Hlavní autor: Šolle, Miloš, 1916-2004
Jazyk: Čeština
Vydáno: Praha : Academia, 1981
Vydání: 1. vyd.
Edice: Památníky naší minulosti
Témata:
Fyzický popis: 153 s., 32 il. na příl.
Knihy
Uloženo v:
LEADER 01035nam a22003012a 4500
001 000208993
003 CZ BrMZK
005 20110126180340.0
007 ta
008 970107s1981 xr f cze d
015 |a cnb000155819 
035 |a (OCoLC)9489319 
040 |a BOA001  |b cze 
100 1 |a Šolle, Miloš,  |d 1916-2004  |7 jk01130729 
245 1 0 |a Kouřim v průběhu věků /  |c Miloš Šolle 
250 |a 1. vyd. 
260 |a Praha :  |b Academia,  |c 1981 
300 |a 153 s., 32 il. na příl. 
490 1 |a Památníky naší minulosti ;  |v sv. 11 
504 |a Obsahuje bibliografii 
830 0 |a Památníky naší minulosti  |0 s 
910 |a BOA001  |b PK-0093.286  |b 2-0842.647 
920 |a 000080004 
964 |a Kouřim - nálezy archeologické - studie 
964 |a Kouřim - dějiny - do stol.14. 
990 |a BK 
996 7 |b 2619977303  |c 2-0842.647  |l MZK  |r Sklad / do 1 hodiny  |n 14  |w 000208993  |u 000020  |a 1  |e BOA001  |j MZK50  |s A 
996 7 |b 3119903440  |c PK-0093.286  |l MZK  |r Sklad / do 1 hodiny  |n 14  |w 000208993  |u 000010  |a 1  |e BOA001  |j MZK50  |s A